AEW Double or Nothing 2025 Card - Statistics

General Stats
  • This quiz has been taken 70 times
  • The average score is 31 of 48
Answer Stats
Answer % Correct
Jon Moxley
100%
Wheeler Yuta
100%
Adam Page
96%
Toni Storm
94%
Will Ospreay
94%
Matthew Jackson
91%
Samoa Joe
91%
Swerve Strickland
91%
Kenny Omega
89%
Marina Shafir
89%
Nicholas Jackson
89%
Bobby Lashley
87%
Claudio Castagnoli
87%
Kazuchika Okada
85%
Shelton Benjamin
85%
Mercedes Moné
83%
Powerhouse Hobbs
83%
Willow Nightingale
81%
Katsuyori Shibata
79%
Mark Briscoe
79%
Jamie Hayter
77%
Ricochet
77%
Cash Wheeler
72%
Dax Harwood
72%
Mike Bailey
68%
Adam Cole
64%
Konosuke Takeshita
64%
Kyle Fletcher
64%
Dustin Rhodes
62%
Roderick Strong
57%
Sammy Guevara
57%
Josh Alexander
53%
Kyle O'Reilly
53%
Mina Shirakawa
53%
Daniel Garcia
49%
Megan Bayne
40%
Anna Jay
38%
Harley Cameron
38%
Nigel McGuinness
38%
Penelope Ford
36%
Bandido
34%
Hologram
21%
Komander
19%
Lio Rush
19%
Action Andretti
17%
Rocky Romero
17%
AR Fox
13%
Trent Beretta
13%
No matching quizzes found
Score Distribution
Percent of People with Each Score
Percentile by Number Answered
Your Score History
You have not taken this quiz